Statistiques concernant Comptez jusqu'à quinze (en mots) en 15 secondes

Cliquez ici pour prendre le quiz!

Statistiques générales

  • Ce quiz a été pris 635 fois
  • Le résultat moyen est 11 sur 15

Statistiques - réponses

compter% Correct
un
100%
deux
97%
trois
96%
quatre
94%
cinq
90%
six
88%
sept
85%
huit
80%
neuf
77%
dix
73%
onze
65%
douze
55%
treize
39%
quatorze
18%
quinze
13%

Distribution des résultats

Percentile par nombre de réponses

% des personnes avec chaque résultat

Votre développement - résultats

Vous n’avez pas pris ce quiz